000 00432nam a2200181Ia 4500
005 20251020182559.0
008 200515s9999 xx 000 0 und d
082 _aSC/331.116.3(7/8)/O36
110 _aOIT
245 0 _aLa negociación colectiva en América Latina
260 _aGinebra
260 _c1978
300 _a108
650 _aAMERICA LATINA
650 _aNEGOCIACION COLECTIVA
650 _aPUB OIT
942 _cLIB
999 _c2986
_d2986